000 00262nam a2200097Ia 4500
008 120527s9999 xx 000 0 und d
100 _aMETROPOLITAN,Museum
245 _aMonet's years atgiverny:Beyond impressionnism.
260 _bMetropolitan Museum
942 _cBK
999 _c24077
_d24077